Jake Peralta Trivia quiz - Statistics

General Stats
  • This quiz has been taken 58 times
  • The average score is 9 of 12
Answer Stats
Questions Answers % Correct
Wife? Amy Santiago
100%
Best Friend? Charles Boyle
98%
Favourite Movie Die Hard
98%
Criminal Best Friend? Doug Judy
98%
Full Name? Jacob Peralta
91%
Occupation of Above? Airline Pilot
79%
Nickname of Above? Pontiac Bandit
79%
What is he allergic to? Bees
68%
Mother's name? Karen Peralta
68%
Fathers Name? Roger Peralta
49%
Half Sister? Kate Peralta
38%
Occupation of Above? Public School Art Teacher
25%
No matching quizzes found
Score Distribution
Percent of People with Each Score
Percentile by Number Answered
Your Score History
You have not taken this quiz